Normal view
MARC view
- Bengal (India)
Entry Geographic Name
001 - CONTROL NUMBER
- control field: 90393
003 - CONTROL NUMBER IDENTIFIER
- control field: NUST
005 - DATE AND TIME OF LATEST TRANSACTION
- control field: 20220307150055.0
008 - FIXED-LENGTH DATA ELEMENTS
- fixed length control field: 220307|| aca||aabn | a|a d
040 ## - CATALOGING SOURCE
- Original cataloging agency: NUST
- Transcribing agency: NUST
151 ## - HEADING--GEOGRAPHIC NAME
- Geographic name: Bengal (India)
- General subdivision: Civilization
- General subdivision: Islamic influences
670 ## - SOURCE DATA FOUND
- Source citation: Work cat.: (NUST)0: Siddiq, Mohammad Yusuf. 90388, Historical and cultural aspects of the Islamic inscriptions of Bengal :, 2009.
